| 000 | 00523nam a2200169 i 4500 | ||
|---|---|---|---|
| 001 | 38698 | ||
| 003 | ES-MaACL | ||
| 005 | 20231205191406.0 | ||
| 007 | t| | ||
| 008 | 030226s1963 sp ||||1| spa d | ||
| 100 | 1 |
_aCamón Aznar, José, _d1898-1979 _934095 |
|
| 245 | 1 | 0 |
_aIndustrias artísticas madrileñas, en el siglo de oro... / _cJosé Camón Aznar. |
| 260 |
_a[Madrid : _bs.n., _c1963] ( _fImp. Domenech) |
||
| 300 |
_a26 p. ; _c27 cm. |
||
| 852 |
_aES-MaACL _j2037-F-9 _bR.52255 |
||
| 999 |
_c38698 _d38698 |
||